000 00415nab a2200145Ia 4500
003 ES-SlBCS
005 20210601131740.0
008 140529s1932 xxu||||| |||| 00| 0 fre d
041 _afre
100 1 _aScherer, Marc
_9188530
245 0 0 _aMauriac Vainqueur
_c Marc Scherer
600 1 4 _aVainqueur, Mauriac
_9188531
773 0 _tVie Intelectuelle (La)
_gvol. 15, nº. 3, 1932, págs. 436-453
_wRev907
942 _cAR
999 _c568124
_d568124